[Event "CZE-ch U16"]
[Site "Kouty nad Desnou"]
[Date "2024.03.16"]
[Round "9"]
[White "Zemek, Antonin"]
[Black "Zrubek, Dan"]
[Result "1-0"]
[WhiteElo "1870"]
[BlackElo "1882"]
[PlyCount "75"]
[EventDate "2024.03.09"]
[EventType "swiss"]
[EventRounds "9"]
[EventCountry "CZE"]
[SourceTitle "CB12_2024"]
[SourceDate "2023.10.01"]
[SourceVersion "1"]
[SourceVersionDate "2023.10.01"]
[SourceQuality "1"]

1. e4 c5 2. c3 d5 3. exd5 Qxd5 4. d4 cxd4 5. cxd4 e5 6. Nf3 Nc6 7. Nc3 Bb4 8. Be3 Bg4 9. Be2 exd4 10. 0-0 Bxc3 11. bxc3 d3 12. Qxd3 Nf6 13. Bd4 Nxd4 14. Nxd4 0-0 15. Rab1 Bxe2 16. Qxe2 Rfe8 17. Qd3 Rac8 18. Rfd1 Ne4 19. Re1 g6 20. Qb5 Qxa2 21. Rb2 Qa3 22. Rbe2 Qxc3 23. Nf3 Kf8 24. Rxe4 Rxe4 25. Rxe4 Qa1+ 26. Ne1 Rc1 27. Kf1 Rb1 28. Qc5+ Kg7 29. Re8 Qa6+ 30. Kg1 Qa1 31. Qf8+ Kf6 32. Qe7+ Kg7 33. g4 Qa5 34. g5 Rxe1+ 35. Qxe1 Qxg5+ 36. Kf1 Qb5+ 37. Qe2 Kf6 38. Qxb5 1-0

[Event "CZE-ch U16"]
[Site "Kouty nad Desnou"]
[Date "2024.03.12"]
[Round "5"]
[White "Hozda, Max"]
[Black "Zrubek, Dan"]
[Result "1/2-1/2"]
[WhiteElo "2032"]
[BlackElo "1882"]
[PlyCount "61"]
[EventDate "2024.03.09"]
[EventType "swiss"]
[EventRounds "9"]
[EventCountry "CZE"]
[SourceTitle "CB12_2024"]
[SourceDate "2023.10.01"]
[SourceVersion "1"]
[SourceVersionDate "2023.10.01"]
[SourceQuality "1"]

1. d4 Nf6 2. c4 g6 3. Nf3 Bg7 4. g3 c6 5. Bg2 0-0 6. 0-0 d5 7. cxd5 cxd5 8. Nc3 Nc6 9. b3 Ne4 10. Bb2 Bg4 11. e3 Ng5 12. h4 Nxf3+ 13. Bxf3 Bxf3 14. Qxf3 e6 15. Kg2 h5 16. Ba3 Re8 17. Rac1 Qa5 18. Bd6 Rad8 19. Bf4 e5 20. dxe5 Nxe5 21. Bxe5 Bxe5 22. b4 Qxb4 23. Nxd5 Qg4 24. Nf6+ Bxf6 25. Qxf6 Qe6 26. Qxe6 Rxe6 27. Rfd1 Red6 28. Rxd6 Rxd6 29. Rc2 Kg7 30. Kf3 Rd7 31. Kf4 1/2-1/2

[Event "CZE-ch U16"]
[Site "Kouty nad Desnou"]
[Date "2024.03.11"]
[Round "3"]
[White "Pressler, Tobias"]
[Black "Zrubek, Dan"]
[Result "0-1"]
[WhiteElo "1954"]
[BlackElo "1882"]
[PlyCount "90"]
[EventDate "2024.03.09"]
[EventType "swiss"]
[EventRounds "9"]
[EventCountry "CZE"]
[SourceTitle "CB12_2024"]
[SourceDate "2023.10.01"]
[SourceVersion "1"]
[SourceVersionDate "2023.10.01"]
[SourceQuality "1"]

1. f4 g6 2. Nf3 Bg7 3. g3 Nf6 4. Bg2 0-0 5. 0-0 d5 6. d3 c5 7. Nbd2 Ng4 8. Nb3 Qb6 9. d4 cxd4 10. Nbxd4 Nc6 11. c3 e6 12. Kh1 a6 13. Rb1 Qc7 14. h3 Nf6 15. Be3 Na5 16. Bg1 Ne4 17. Bh2 Nc4 18. Qc1 h5 19. Nc2 Qb6 20. Ncd4 Qc7 21. Ra1 Bd7 22. Nh4 e5 23. fxe5 Bxe5 24. Bxe4 dxe4 25. Kg2 Qc8 26. g4 Bxg4 27. Bxe5 Bxh3+ 28. Kh2 Nxe5 29. Rg1 Bg4 30. Qf4 Qb8 31. Kh1 Qd8 32. Nhf5 gxf5 33. Qxe5 Qh4+ 34. Kg2 Qg5 35. Kf2 Kh7 36. Raf1 Qh4+ 37. Rg3 Rae8 38. Qf4 e3+ 39. Ke1 Re4 40. Qd6 Rd8 41. Qc7 Qf6 42. Qxb7 Rde8 43. Kd1 f4 44. Kc1 Rxd4 45. Rxg4 hxg4 0-1

[Event "CZE-ch U16"]
[Site "Kouty nad Desnou"]
[Date "2024.03.11"]
[Round "4"]
[White "Zrubek, Dan"]
[Black "Setina, Vaclav"]
[Result "0-1"]
[WhiteElo "1882"]
[BlackElo "2024"]
[PlyCount "82"]
[EventDate "2024.03.09"]
[EventType "swiss"]
[EventRounds "9"]
[EventCountry "CZE"]
[SourceTitle "CB12_2024"]
[SourceDate "2023.10.01"]
[SourceVersion "1"]
[SourceVersionDate "2023.10.01"]
[SourceQuality "1"]

1. e4 c5 2. Nf3 Nc6 3. d4 cxd4 4. Nxd4 g6 5. c4 Bg7 6. Be3 Nf6 7. Nc3 Ng4 8. Qxg4 Nxd4 9. Qd1 Ne6 10. Rc1 0-0 11. Bd3 d6 12. 0-0 Bd7 13. Qd2 a5 14. f4 Nc5 15. Bb1 f5 16. e5 Be6 17. Nb5 Qb6 18. exd6 Rfd8 19. Nc7 Qxc7 20. dxc7 Rxd2 21. Bxd2 Bxb2 22. Rcd1 Kf7 23. Be3 Nd7 24. Rd2 Ba3 25. Rfd1 Bd6 26. Rb2 b6 27. Bc2 Rc8 28. Ba4 Rxc7 29. Bxd7 Rxd7 30. Kh1 Bxc4 31. Rxb6 Bxa2 32. Rb5 a4 33. Bc5 Bb3 34. Rd2 Rc7 35. Bg1 Bxf4 36. Re2 Bc4 37. Rb4 Bd6 38. Rxc4 Rxc4 39. Ra2 Rc1 40. g3 Bc5 41. Rg2 a3 0-1

[Event "CZE-ch U14"]
[Site "Luhacovice"]
[Date "2022.03.18"]
[Round "8"]
[White "Juhanak, Daniel"]
[Black "Zrubek, Dan"]
[Result "1-0"]
[WhiteElo "1688"]
[BlackElo "1478"]
[PlyCount "73"]
[EventDate "2022.03.12"]
[EventType "swiss"]
[EventRounds "9"]
[EventCountry "CZE"]
[SourceTitle "EXT 2023"]
[Source "ChessBase"]
[SourceDate "2022.10.05"]
[SourceVersion "1"]
[SourceVersionDate "2022.10.05"]
[SourceQuality "1"]

1. e4 c5 2. Nf3 d6 3. d4 cxd4 4. Nxd4 Nf6 5. Nc3 g6 6. Be3 Bg7 7. f3 0-0 8. Qd2 Nc6 9. 0-0-0 d5 10. Qe1 e5 11. Nxc6 bxc6 12. exd5 Nxd5 13. Bc4 Be6 14. Kb1 Qc7 15. Nxd5 cxd5 16. Bxd5 Bxd5 17. Rxd5 Qb7 18. Qa5 Rab8 19. b3 Rfc8 20. Rhd1 Bf6 21. Bxa7 Ra8 22. Rd7 Qc6 23. c4 Rcb8 24. Qd5 Qxd5 25. R1xd5 Re8 26. c5 e4 27. fxe4 Rxe4 28. Bb6 Re1+ 29. Rd1 Re2 30. R7d2 Re6 31. a4 Re4 32. a5 Kg7 33. c6 Ree8 34. c7 Rac8 35. Rd8 Kf8 36. Rxc8 Rxc8 37. Rd8+ 1-0